|
|
|
|
| LEADER |
00000naa2a2200000 4500 |
| 001 |
384835 |
| 005 |
20231101063311.0 |
| 035 |
|
|
|a (RuTPU)RU\TPU\prd\11936
|
| 090 |
|
|
|a 384835
|
| 100 |
|
|
|a 20030325a2003 k y0rusy50 ca
|
| 101 |
0 |
|
|a rus
|
| 102 |
|
|
|a RU
|
| 200 |
1 |
|
|a Контрольные карты: технологический взгляд
|f О. И. Илларионов
|
| 225 |
1 |
|
|a Статистическое мышление
|
| 320 |
|
|
|a Библиогр.: 5 назв.
|
| 461 |
|
1 |
|0 (RuTPU)RU\TPU\prd\1635
|x 0130-6898
|t Методы менеджмента качества
|o научно-технический журнал
|f Всероссийская организация качества (ВОК)
|d 1999-
|
| 463 |
|
1 |
|0 (RuTPU)RU\TPU\prd\11845
|t № 2
|v С. 41-45
|d 2003
|
| 610 |
1 |
|
|a контрольные карты
|
| 610 |
1 |
|
|a технологические аспекты
|
| 610 |
1 |
|
|a применение
|
| 610 |
1 |
|
|a статистическое управление
|
| 610 |
1 |
|
|a приборостроительное производство
|
| 700 |
|
1 |
|a Илларионов
|b О. И.
|
| 801 |
|
1 |
|a RU
|b 63413507
|c 20030325
|g PSBO
|
| 801 |
|
2 |
|a RU
|b 63413507
|c 20130520
|g RCR
|
| 942 |
|
|
|c BK
|